Online
Catalog

El libro en Chile / (Record no. 1600)

MARC details
000 -CABECERA
campo de control de longitud fija 00958cam a2200289 a 4500
001 - NÚMERO DE CONTROL
campo de control 000001722
003 - IDENTIFICADOR DEL NÚMERO DE CONTROL
campo de control DO-SdBNP
005 - FECHA Y HORA DE LA ÚLTIMA TRANSACCIÓN
campo de control 20251107114910.0
008 - DATOS DE LONGITUD FIJA--INFORMACIÓN GENERAL
campo de control de longitud fija 831227s1982 cl a f001 0 spa d
010 ## - NÚMERO DE CONTROL DE LA BIBLIOTECA DEL CONGRESO
Número de control de LC 83175574
035 ## - NÚMERO DE CONTROL DEL SISTEMA
Número de control de sistema (DLC) 83175574
040 ## - FUENTE DE LA CATALOGACIÓN
Centro catalogador/agencia de origen DO-SdBNP
Centro/agencia transcriptor DLC
Centro/agencia modificador DLC
043 ## - CÓDIGO DE ÁREA GEOGRÁFICA
Código de área geográfica s-cl---
082 #4 - NÚMERO DE LA CLASIFICACIÓN DECIMAL DEWEY
Número de clasificación 027.583
Número de documento/Ítem M385L, 1982
100 1# - ENTRADA PRINCIPAL--NOMBRE DE PERSONA
Nombre de persona Martinez Baeza, Sergio.
9 (RLIN) 5600
245 13 - MENCIÓN DE TÍTULO
Título El libro en Chile /
Mención de responsabilidad, etc. Sergio Martínez Baeza.
260 ## - PUBLICACIÓN, DISTRIBUCIÓN, ETC.
Lugar de publicación, distribución, etc. Santiago de Chile :
Nombre del editor, distribuidor, etc. Biblioteca Nacional,
Fecha de publicación, distribución, etc. 1982.
300 ## - DESCRIPCIÓN FÍSICA
Extensión 427 p. :
Otras características físicas il.,
Dimensiones 25 cm.
490 0# - MENCIÓN DE SERIE
Mención de serie Colección Chile y su cultura.
-- Serie Museos nacionales ;
Designación de volumen o secuencia v.1
500 ## - NOTA GENERAL
Nota general Incluye índice
610 20 - PUNTO DE ACCESO ADICIONAL DE MATERIA--NOMBRE DE ENTIDAD CORPORATIVA
Nombre de entidad corporativa o nombre de jurisdicción como elemento de entrada Biblioteca Nacional (Chile)
Subdivisión general Historia
9 (RLIN) 5601
650 #0 - PUNTO DE ACCESO ADICIONAL DE MATERIA--TÉRMINO DE MATERIA
Término de materia o nombre geográfico como elemento de entrada Libros y lectura
Subdivisión geográfica Chile
Subdivisión general Historia.
9 (RLIN) 1512
650 #4 - PUNTO DE ACCESO ADICIONAL DE MATERIA--TÉRMINO DE MATERIA
Término de materia o nombre geográfico como elemento de entrada Bibliotecas nacionales
Subdivisión geográfica Chile
Subdivisión general Historia
9 (RLIN) 5602
710 2# - PUNTO DE ACCESO ADICIONAL--NOMBRE DE ENTIDAD CORPORATIVA
Nombre de entidad corporativa o nombre de jurisdicción como elemento de entrada Biblioteca Nacional (Chile)
9 (RLIN) 5603
910 ## - DATOS DE OPCIÓN DEL USUARIO (OCLC)
Datos de opción del usuario Catalogación por copia / LC
942 ## - ELEMENTOS DE PUNTO DE ACCESO ADICIONAL (KOHA)
Fuente del sistema de clasificación o colocación Dewey Decimal Classification
Tipo de ítem Koha Libro
Holdings
Estado de retiro Estado de pérdida Fuente del sistema de clasificación o colocación Restricciones de uso No para préstamo Código de colección Localización permanente Ubicación/localización actual Ubicación en estantería Fecha de adquisición Número de inventario Total de préstamos Signatura topográfica completa Código de barras Fecha visto por última vez Precio válido a partir de Tipo de ítem Koha Número de copia
    Dewey Decimal Classification Préstamo interno Préstamo restrigido Monografías: Libros y Folletos General General En encuadernación 22.09.2009 LF1   027.583 M385L, 1982 1722-10 25.06.2020 25.06.2020 Préstamo interno  
    Dewey Decimal Classification Préstamo restringido Préstamo restrigido Monografías: Libros y Folletos General General En catalogación 15.12.2010 LF1   027.583 M385L, 1982 1722-20 25.06.2020 25.06.2020 Préstamo interno e.2

Powered by Koha